Рабочая программа дисциплины, рейтинг-лист - лучше меньше, да лучше; Уровневая подготовка специалистов: государственные и международные стандарты инженерного образования

Detalles Bibliográficos
Parent link:Уровневая подготовка специалистов: государственные и международные стандарты инженерного образования.— 2012.— [С. 82-83]
Autor Principal: Краснокутская Е. А. Елена Александровна
Summary:Заглавие с экрана
Idioma:ruso
Publicado: 2012
Series:Организация рабочего пространства подготовки инженеров: комплексное использование ресурсов
Subjects:
Acceso en liña:http://www.lib.tpu.ru/fulltext/c/2012/C09/032.pdf
Formato: MixedMaterials Electrónico Capítulo de libro
KOHA link:https://koha.lib.tpu.ru/cgi-bin/koha/opac-detail.pl?biblionumber=230842

MARC

LEADER 00000nla2a2200000 4500
001 230842
005 20240218132449.0
035 |a (RuTPU)RU\TPU\book\251821 
035 |a RU\TPU\book\251816 
090 |a 230842 
100 |a 20130125d2012 k y0rusy50 ca 
101 0 |a rus 
102 |a RU 
105 |a y z 101zy 
181 0 |a i  
182 0 |a b 
200 1 |a Рабочая программа дисциплины, рейтинг-лист - лучше меньше, да лучше  |f Е. А. Краснокутская 
203 |a Текст  |c электронный 
225 1 |a Организация рабочего пространства подготовки инженеров: комплексное использование ресурсов 
300 |a Заглавие с экрана 
337 |a Adobe Reader 
463 1 |0 (RuTPU)RU\TPU\book\240708  |t Уровневая подготовка специалистов: государственные и международные стандарты инженерного образования  |o сборник трудов научно-методической конференции, 3-6 апреля 2012 г.  |f Национальный исследовательский Томский политехнический университет (ТПУ)  |v [С. 82-83]  |d 2012 
610 1 |a труды учёных ТПУ 
610 1 |a электронный ресурс 
610 1 |a рабочая программа 
610 1 |a образовательный процесс 
610 1 |a образовательный стандарт 
700 1 |a Краснокутская  |b Е. А.  |c химик-органик  |c профессор Томского политехнического университета, доктор химических наук  |f 1966-  |g Елена Александровна  |3 (RuTPU)RU\TPU\pers\25856  |9 11725 
801 2 |a RU  |b 63413507  |c 20130201  |g RCR 
856 4 |u http://www.lib.tpu.ru/fulltext/c/2012/C09/032.pdf 
942 |c CF